Living Personalities of the Old Testament. (Record no. 3603)

MARC details
000 -LEADER
fixed length control field 00393nam a2200157 a 4500
082 00 - DEWEY DECIMAL CLASSIFICATION NUMBER
Classification number 221
Author Cutter STA
100 ## - MAIN ENTRY--AUTHOR NAME
Author name Staack, Hagen
245 ## - TITLE STATEMENT
Title Living Personalities of the Old Testament.
260 ## - PUBLICATION, DISTRIBUTION, ETC. (IMPRINT)
Place of publication New York
Name of publisher Harper and Row
Year of publication 1952
300 ## - PHYSICAL DESCRIPTION
Number of Pages 145p
500 ## - GENERAL NOTE
General note includes index and biblioraphy
505 2# - FORMATTED CONTENTS NOTE
Formatted contents note Index of Author
650 ## - SUBJECT ADDED ENTRY--TOPICAL TERM
Topical Term Bible Stories
942 ## - ADDED ENTRY ELEMENTS (KOHA)
Koha item type Books
700 1# -
-- Staack, Hagen
Holdings
Home library Current library Date acquired Cost, normal purchase price Full call number Accession Number Koha item type
Henry Martyn Institute Library Henry Martyn Institute Library 06/20/2007 7.00 221.92 STA 05678 Books
                   Copyright © 2026 | Henry Martyn Institute | Hyderabad | TS-500052 | INDIA | Implemented by hmi.edu.in
Hit-Count:

Powered by Koha